| 000 -LEADER | |
|---|---|
| fixed length control field | 00914cam a2200301 a 4500 |
| 001 - CONTROL NUMBER | |
| control field | 14920361 |
| 003 - CONTROL NUMBER IDENTIFIER | |
| control field | OSt |
| 005 - DATE AND TIME OF LATEST TRANSACTION | |
| control field | 20250420134822.0 |
| 008 - FIXED-LENGTH DATA ELEMENTS--GENERAL INFORMATION | |
| fixed length control field | 070709s2006 sw a b 001 0 eng d |
| 010 ## - LIBRARY OF CONGRESS CONTROL NUMBER | |
| LC control number | 2007440103 |
| 020 ## - INTERNATIONAL STANDARD BOOK NUMBER | |
| International Standard Book Number | 9788763001885 |
| 035 ## - SYSTEM CONTROL NUMBER | |
| System control number | (OCoLC)ocm85843058 |
| 040 ## - CATALOGING SOURCE | |
| Original cataloging agency | OHX |
| Transcribing agency | KCST |
| 050 00 - LIBRARY OF CONGRESS CALL NUMBER | |
| Classification number | HD58.8 |
| Item number | .S668 2006 |
| 082 ## - DEWEY DECIMAL CLASSIFICATION NUMBER | |
| Classification number | 658.406 |
| Item number | Sp |
| 245 04 - TITLE STATEMENT | |
| Title | The speed of organization / |
| Statement of responsibility, etc. | edited by Peter Case, Simon Lilley and Tom Owen [sic]. |
| 260 ## - PUBLICATION, DISTRIBUTION, ETC. | |
| Place of publication, distribution, etc. | Malmö : |
| Name of publisher, distributor, etc. | Liber ; |
| Date of publication, distribution, etc. | c2006. |
| 300 ## - PHYSICAL DESCRIPTION | |
| Extent | 230 p. : |
| Other physical details | ill. ; |
| Dimensions | 25 cm. |
| 440 #0 - SERIES STATEMENT/ADDED ENTRY--TITLE | |
| Title | Advances in organization studies, |
| International Standard Serial Number | 1566-1075 ; |
| Volume/sequential designation | v. 19. |
| 9 (RLIN) | 5405 |
| 504 ## - BIBLIOGRAPHY, ETC. NOTE | |
| Bibliography, etc. note | Includes bibliographical references and index. |
| 650 #0 - SUBJECT ADDED ENTRY--TOPICAL TERM | |
| Topical term or geographic name entry element | Organizational change. |
| 9 (RLIN) | 5406 |
| 650 #0 - SUBJECT ADDED ENTRY--TOPICAL TERM | |
| Topical term or geographic name entry element | Corporate culture. |
| 9 (RLIN) | 1278 |
| 700 1# - ADDED ENTRY--PERSONAL NAME | |
| Personal name | Case, Peter, |
| Dates associated with a name | 1959- |
| 9 (RLIN) | 5407 |
| 700 1# - ADDED ENTRY--PERSONAL NAME | |
| Personal name | Lilley, Simon. |
| 9 (RLIN) | 5408 |
| 700 1# - ADDED ENTRY--PERSONAL NAME | |
| Personal name | Owens, Tom. |
| 9 (RLIN) | 5409 |
| 942 ## - ADDED ENTRY ELEMENTS (KOHA) | |
| Koha item type | Book |
| 942 ## - ADDED ENTRY ELEMENTS (KOHA) | |
| Source of classification or shelving scheme | Dewey Decimal Classification |
| Withdrawn status | Lost status | Source of classification or shelving scheme | Damaged status | Not for loan | Home library | Current library | Date acquired | Cost, normal purchase price | Total checkouts | Full call number | Barcode | Date last seen | Cost, replacement price | Price effective from | Koha item type |
|---|---|---|---|---|---|---|---|---|---|---|---|---|---|---|---|
| Dewey Decimal Classification | KCST Library | KCST Library | 17/11/2021 | 10.00 | 658.406 Sp | 1000001023 | 17/11/2021 | 10.00 | 17/11/2021 | Book |